| 000 | 00000nas 2200000zi 4500 |
| 001 | 9.862578 |
| 003 | CaOODSP |
| 005 | 20250620094513 |
| 006 | m o d f |
| 007 | cr cn |||||||| |
| 008 | 181001c20119999oncar p o f0 a0eng|d |
| 022 | |a2819-3725 |
| 040 | |aCaOODSP|beng|erda|cCaOODSP |
| 043 | |an-cn--- |
| 086 | 1 |aFR2-26E-PDF |
| 222 | 0|aAnnual report to Parliament on the administration of the Export and Import Permits Act |
| 245 | 00|aAnnual report to Parliament on the administration of the Export and Import Permits Act. |
| 246 | 1 |iHTML issues for 2011-2013 have title : |aAnnual report to Parliament on the administration of the Export and Import Controls Permits Act |
| 264 | 1|a[Ottawa] : |b[Department of Foreign Affairs and International Trade], |c[2011]- |
| 310 | |aAnnual |
| 336 | |atext|btxt|2rdacontent |
| 337 | |acomputer|bc|2rdamedia |
| 338 | |aonline resource|bcr|2rdacarrier |
| 362 | 1 |aBegan with: 2011. |
| 500 | |aIssued also in French under title: Rapport annuel au Parlement sur l'application de la Loi sur les licences d'exportation et d'importation. |
| 515 | |aIssues for 2011-2013 are available in HTML only. |
| 550 | |aIssued by: Department of Foreign Affairs and International Trade, 2011-2013; Foreign Affairs, Trade and Development Canada, 2013-2015; Global Affairs Canada, 2015- . |
| 588 | |aDescription based on: 2014; title from PDF cover page. |
| 588 | |aLatest issue consulted: 2024. |
| 610 | 10|aCanada. |tExport and Import Permits Act|vPeriodicals. |
| 650 | 0|aForeign trade regulation|zCanada|vPeriodicals. |
| 655 | 7|aPeriodicals|2lcgft |
| 710 | 1 |aCanada. |bDepartment of Foreign Affairs and International Trade, |eissuing body. |
| 710 | 1 |aCanada.|bForeign Affairs, Trade and Development Canada, |eissuing body. |
| 710 | 1 |aCanada. |bGlobal Affairs Canada, |eissuing body. |
| 775 | 08|tRapport annuel au Parlement sur l'application de la Loi sur les licences d'exportation et d'importation.|w(CaOODSP)9.862581 |
| 856 | 4 |qHTML|sN/A|uhttps://www.international.gc.ca/transparency-transparence/controls-controles/index.aspx?lang=eng#a1 |